000 00287nam a2200109Ia 4500
008 171211s9999 xx 000 0 und d
245 _aPsychedelic Healing
245 _cNeal M. Goldsmith
260 _c2010
650 _xHEALTH
856 _uhttp://down.ebook777.com/017/9781594772504.pdf
999 _c348366
_d348366